00591nam a2200133 i 4500001000300000245020300003260005300206300003600259040000800295041000800303080000700311008004100318856009800359bg 0aGeotechnical Aspects of Soft Clays. Proceedings of the International Symposium on Soft Clay Asian Institute of Technology, Bangkok, Thailand 5-6 July, 1977 /cEdited by R. P. Brenner a. E. W. Brand. aBankok :bAsian Instituteof the Technol.,c1977. as. IX, 704 :brys., tab., mapy. cBPK apol a55 s pl f |000 0 pol  uhttp://koha.tu.koszalin.pl/cgi-bin/koha/opac-detail.pl?biblionumber=17848yKatalog online BPK